000 00349 a2200133 4500
001 63809
040 _cAnchieta - Pituba
100 _aJardelina Moura
240 1 0 _a2ª Avaliação de Língua Portuguesa, I Unidade
_lpor
245 1 0 _a2ª Avaliação de Língua Portuguesa, I Unidade
362 0 _a2017
650 4 _aLíngua Portuguesa
942 _cBK
999 _c63809
_d63809